[Event "38th Olympiad w"]
[Site "Dresden GER"]
[Date "2008.11.14"]
[Round "2"]
[White "Popova,N"]
[Black "Mongontuul,B"]
[Result "0-1"]
[WhiteElo "2264"]
[BlackElo "2410"]

1.e4 c5 2.Nf3 e6 3.d4 cxd4 4.Nxd4 Nc6 5.Nc3 d6 6.Be2 Nf6 7.O-O Be7 8.Be3 O-O
9.f4 a6 10.a4 Bd7 11.Nb3 Na5 12.e5 Ne8 13.Nxa5 Qxa5 14.Bf3 Bc6 15.Bxc6 bxc6
16.f5 exf5 17.Rxf5 dxe5 18.Qd7 Bc5 19.Bxc5 Qxc5+ 20.Kh1 Nd6 21.Rh5 g6 22.Rh3 Ra7
23.Qg4 f5 24.Qh4 Nc4 25.Ne2 Nxb2 26.Rc3 Qd6 27.Rb3 Qd2 28.Rxb2 Qxe2 29.Re1 Qd2
30.Qc4+ Rff7 31.Rbb1 Qd6 32.Rb6 e4 33.Rxc6 Qd2 34.Rb1 e3 35.Qf4 Rab7 36.Rc8+ Kg7
37.Qe5+ Kh6 38.Rg1 Qf2 39.h3 Rbe7 40.Qd4 f4 41.Rb8 Qg3 42.Rg8 e2  0-1

[Event "38th Olympiad"]
[Site "Dresden GER"]
[Date "2008.11.14"]
[Round "2"]
[White "Jaquez,J"]
[Black "Iotov,V"]
[Result "0-1"]
[WhiteElo "2223"]
[BlackElo "2532"]

1.e4 c5 2.Nf3 e6 3.d4 cxd4 4.Nxd4 Nc6 5.Nc3 Qc7 6.Be3 a6 7.Be2 Nf6 8.O-O Be7
9.f4 d6 10.Qd2 O-O 11.Rad1 Re8 12.Nb3 b5 13.a3 Bb7 14.Bf3 Bf8 15.g4 Rac8
16.g5 Nd7 17.Qf2 b4 18.axb4 Nxb4 19.Rd2 f5 20.exf5 exf5 21.Bd4 Re6 22.Re2 Rce8
23.Rxe6 Rxe6 24.Bxb7 Qxb7 25.Ra1 Nb8 26.Na5 Qf7 27.Ra4 d5 28.Nb3 Qh5 29.Ra1 N8c6
30.Bc5 d4 31.Bxd4 Nxd4 32.Qxd4 Nxc2 33.Qd5 Qf7 34.Nd4 Nxd4 35.Qxd4 h6 36.h4 Kh7
37.Qd5 Kg8 38.Kf2 Bb4 39.Qa8+ Kh7 40.Rxa6 Bc5+ 41.Kf1 Rxa6 42.Qxa6 hxg5 43.hxg5 Qh5
44.Qc6 Qh3+ 45.Ke2 Qe3+ 46.Kd1 Qd3+ 47.Ke1 Bd6 48.Qd5 Qg3+ 49.Kd1 Qxf4 50.Ne2 Qf1+
51.Kd2 Be7 52.Qd3 Bxg5+ 53.Kc2 g6 54.b4 f4 55.Nd4 Qg2+ 56.Kb3 Bf6 57.Nf3 Kh6
58.Kc4 g5 59.Qe4 Qf1+ 60.Kc5 Qc1+ 61.Kb6 g4 62.Qe6 gxf3 63.Qxf6+ Kh5 64.Qh8+ Kg4
65.Qg7+ Kh3 66.Qh7+ Kg2 67.Qg6+ Kf2 68.b5 Ke2 69.Ka6 f2 70.Qe4+ Qe3 71.Qc2+ Kf3
72.Qc6+ Kg3 73.Qg6+ Kh2 74.Qh7+ Kg1 75.Qg6+ Qg3  0-1

[Event "Russia Cup Final"]
[Site "Serpuhov RUS"]
[Date "2008.11.14"]
[Round "5.2"]
[White "Timofeev,Arty"]
[Black "Vitiugov,N"]
[Result "0-1"]
[WhiteElo "2670"]
[BlackElo "2638"]

1.e4 c5 2.Nf3 e6 3.d4 cxd4 4.Nxd4 Nc6 5.Nc3 Qc7 6.Be2 Nf6 7.O-O Be7 8.Kh1 O-O
9.f4 d6 10.Be3 a6 11.a4 Re8 12.Bd3 Nb4 13.a5 Bd7 14.Qf3 Bc6 15.Qg3 Nxd3 16.cxd3 Nd7
17.f5 Bf6 18.Nce2 e5 19.Nf3 d5 20.Nc3 dxe4 21.dxe4 b5 22.Rfd1 Rac8 23.h4 Kh8
24.Ng5 Rf8 25.Rd3 Be7 26.Rc1 Qb8 27.Qf3 Nf6 28.Rcd1 h6 29.Bf2 Kg8 30.Qe2 Rfd8
31.Rxd8+ Rxd8 32.Rxd8+ Bxd8 33.Nf3 Bxa5 34.Nd5 Nxd5 35.exd5 Bxd5 36.Nxe5 Qe8
37.f6 Qe6 38.Bd4 gxf6 39.Qg4+ Kh7 40.Qxe6 fxe6 41.Nd7 Kg6 42.Nxf6 Bd8 43.Nd7 Bxh4
44.Bc3 Be7 45.b4 Kf5 46.Kh2 Ke4 47.g4 Kd3 48.Be1 Kc4 49.Ne5+ Kb3 50.Nd3 Be4  0-1

[Event "38th Olympiad"]
[Site "Dresden GER"]
[Date "2008.11.15"]
[Round "3"]
[White "Canda,D"]
[Black "Topalov,V"]
[Result "0-1"]
[WhiteElo "2289"]
[BlackElo "2791"]

1.e4 c5 2.Nf3 e6 3.d4 cxd4 4.Nxd4 Nc6 5.Nc3 d6 6.Bc4 Nf6 7.Bb3 Be7 8.Be3 Qa5
9.f3 O-O 10.Qe2 Nxd4 11.Bxd4 Bd7 12.f4 e5 13.Bf2 exf4 14.O-O Bc6 15.Bd4 Qh5
16.Qd2 Nxe4 17.Nxe4 Bxe4 18.Qxf4 d5 19.c3 Qg6 20.Rf2 Bd6 21.Qh4 Rae8 22.Rd1 Re6
23.Rfd2 Be7 24.Qh3 b6 25.c4 dxc4 26.Bxc4 Rd6 27.Be3 Rxd2 28.Rxd2 h6 29.b3 Kh7
30.Bf1 f5 31.Rd7 f4 32.Rxe7 fxe3 33.Qg3 Qf6  0-1

[Event "38th Olympiad"]
[Site "Dresden GER"]
[Date "2008.11.15"]
[Round "3"]
[White "Righi,E"]
[Black "Heimann,An"]
[Result "1-0"]
[WhiteElo "2094"]
[BlackElo "2428"]

1.e4 c5 2.Nf3 e6 3.d4 cxd4 4.Nxd4 Nc6 5.Nc3 Qc7 6.Be2 a6 7.O-O Nf6 8.Nxc6 bxc6
9.f4 d5 10.e5 Nd7 11.Kh1 g6 12.b3 Bb7 13.Bf3 Be7 14.Bb2 Nb6 15.Qe1 c5 16.g4 O-O-O
17.a4 d4 18.a5 Bxf3+ 19.Rxf3 Qb7 20.Ne4 Nd5 21.Qg3 Ne3 22.Rxe3 dxe3 23.Qxe3 Rd5
24.Kg2 Rhd8 25.Kg3 Rd1 26.Ra4 g5 27.fxg5 Rb1 28.Bc3 Rdd1 29.Nd6+ Bxd6 30.exd6 Kd7
31.Qxc5 Rd5 32.Qf2 Kxd6 33.Rf4 Qc7 34.Bb4+ Kc6 35.Kh3 Qd8 36.Qa7 Rxb3+ 37.cxb3 Rd3+
38.Kh4 Kd5  1-0

[Event "38th Olympiad w"]
[Site "Dresden GER"]
[Date "2008.11.16"]
[Round "4"]
[White "Baptista,A"]
[Black "Collas,S"]
[Result "1/2-1/2"]
[WhiteElo "2168"]
[BlackElo "2352"]

1.e4 c5 2.Nf3 e6 3.d4 cxd4 4.Nxd4 Nc6 5.Nc3 Qc7 6.Be3 a6 7.Bd3 Nf6 8.O-O Nxd4
9.Bxd4 Bc5 10.Bxc5 Qxc5 11.Kh1 d6 12.f4 e5 13.fxe5 Qxe5 14.Qf3 Bg4 15.Qf4 Qxf4
16.Rxf4 Be6 17.Rd1 Nd7 18.Rf2 Ne5 19.Rfd2 Ke7 20.Be2 Rhd8 21.Nd5+ Bxd5 22.Rxd5 Rac8
23.c3 f6 24.Kg1 Rc6 25.Kf2 b5 26.R5d4 Rb6 27.R1d2 Rc8 28.Ke3 a5 29.a3 Rc5
30.Rd5 b4 31.cxb4  1/2-1/2

[Event "38th Olympiad w"]
[Site "Dresden GER"]
[Date "2008.11.16"]
[Round "4"]
[White "Stojanovic,An"]
[Black "Zawadzka,J"]
[Result "1-0"]
[WhiteElo "2357"]
[BlackElo "2378"]

1.e4 c5 2.Nf3 Nc6 3.d4 cxd4 4.Nxd4 e6 5.Nc3 a6 6.Be2 Qc7 7.Be3 Nf6 8.a3 Be7
9.f4 d6 10.g4 b5 11.g5 Nd7 12.Nxc6 Qxc6 13.Qd4 O-O 14.h4 Bb7 15.O-O-O Rac8
16.h5 e5 17.Qd2 exf4 18.Bxf4 Nc5 19.Bg4 Rcd8 20.Kb1 Rfe8 21.Bf5 Bf8 22.g6 fxg6
23.Bxg6 Nxe4 24.Bxe4 Rxe4 25.Nxe4 Qxe4 26.Rhg1 Qf5 27.Rg5 Qf6 28.Be3 Be4
29.Bd4 Qe6 30.Bc3 d5 31.Qd4 Rd7 32.Re5 Qd6 33.Bb4 Qc6 34.Rxe4  1-0

[Event "38th Olympiad"]
[Site "Dresden GER"]
[Date "2008.11.16"]
[Round "4"]
[White "Aucay Pelaez,M"]
[Black "Perunovic,Mil"]
[Result "0-1"]
[WhiteElo "2335"]
[BlackElo "2580"]

1.e4 c5 2.Nf3 Nc6 3.Nc3 e6 4.d4 cxd4 5.Nxd4 Qc7 6.Be3 a6 7.Qd2 Nf6 8.O-O-O Bb4
9.f3 O-O 10.g4 b5 11.g5 Nh5 12.Nxc6 dxc6 13.Kb1 e5 14.a3 Be7 15.Qf2 Rb8 16.Bc5 a5
17.h4 Be6 18.b4 axb4 19.axb4 Ra8 20.Kb2 Nf4 21.Bd3 Rfd8 22.Bb6 Qc8 23.Bxd8 Qxd8
24.Bc4 Qf8 25.Bxe6 Nxe6 26.Ra1 Bxb4 27.Rxa8 Qxa8 28.Nb1 Bc5 29.Qd2 b4 30.Qd3 Bd4+
31.Kc1 Nc5 32.Qc4 b3 33.cxb3 Qa2 34.Qc2 Qa6 35.Rd1 Qb5 36.Rxd4 exd4 37.Nd2 Nd3+
38.Kb1 Nb4 39.Qc4 Qa5 40.Kc1 Qa1+ 41.Nb1 Na2+  0-1

[Event "XXXII Tenkes Cup"]
[Site "Harkany HUN"]
[Date "2008.11.16"]
[Round "3"]
[White "Melia,S"]
[Black "Horvath,Ad1"]
[Result "1/2-1/2"]
[WhiteElo "2410"]
[BlackElo "2514"]

1.e4 c5 2.Nf3 e6 3.d4 cxd4 4.Nxd4 Nc6 5.Nc3 Qc7 6.Be3 a6 7.Qd2 Nf6 8.O-O-O Be7
9.f3 h5 10.Qf2 d6 11.Kb1 Ne5 12.h3 b5 13.f4 Ned7 14.a3 Bb7 15.Bd3 Nc5 16.Qf3 d5
17.e5 Nfe4 18.Bxe4 dxe4 19.Qf2 Na4 20.Nxa4 bxa4 21.Qg3 g6 22.Nxe6 Qc4 23.f5 Rc8
24.Ng7+ Kf8 25.Qf2 Bd5 26.Rxd5 Qxd5 27.f6 Kg8 28.fxe7 Kxg7 29.Qf6+ Kg8 30.Qxa6 Kh7
31.Rf1 Rc6 32.Rxf7+ Qxf7 33.Qxc6 Qxe7 34.Qxe4 Rf8 35.g4 Qh4 36.Qb7+ Kh8  1/2-1/2

[Event "38th Olympiad w"]
[Site "Dresden GER"]
[Date "2008.11.17"]
[Round "5"]
[White "Berend,E"]
[Black "Cramling,P"]
[Result "0-1"]
[WhiteElo "2328"]
[BlackElo "2550"]

1.e4 c5 2.Nf3 Nc6 3.d4 cxd4 4.Nxd4 e6 5.Nc3 Qc7 6.Be3 a6 7.Qd2 Nf6 8.O-O-O Be7
9.f3 h5 10.Qf2 Ne5 11.Nb3 b5 12.Bb6 Qb8 13.h3 d6 14.Be3 h4 15.g4 hxg3 16.Qxg3 g6
17.Qf2 Bd7 18.Rg1 b4 19.Nb1 Bb5 20.Nd4 Bxf1 21.Qxf1 Qc7 22.Nd2 Ned7 23.Kb1 e5
24.N4b3 a5 25.Nc4 a4 26.Nc1 Qc6 27.Rh1 Rc8 28.b3 d5 29.exd5 Nxd5 30.Bd2 Rh4
31.Re1 N7b6 32.Re4 Nxc4 33.Rxc4 Rxc4 34.Qxc4 Qxc4 35.bxc4 Rxc4 36.Nd3 f6
37.h4 Kf7 38.h5 gxh5 39.Rxh5 Ke6 40.Rh1 Rd4 41.Re1 Kf5 42.Rh1 Rc4 43.Rh5+ Ke6
44.Rh1 Bd6 45.Kb2 Ne7 46.Re1 Nc6 47.Nf4+ Kf7 48.Nd5 Rd4  0-1

[Event "38th Olympiad"]
[Site "Dresden GER"]
[Date "2008.11.17"]
[Round "5"]
[White "Kobese,W"]
[Black "Berend,F"]
[Result "1-0"]
[WhiteElo "2369"]
[BlackElo "2345"]

1.e4 c5 2.Nf3 e6 3.d4 cxd4 4.Nxd4 Nc6 5.Nc3 a6 6.Be2 d6 7.Be3 Nf6 8.f4 Be7
9.Qd2 O-O 10.O-O-O Nd7 11.g4 Nxd4 12.Bxd4 b5 13.g5 Bb7 14.a3 Rc8 15.Rhg1 Nc5
16.Qe3 Qc7 17.f5 exf5 18.exf5 Rfe8 19.Qh3 Bf8 20.g6 fxg6 21.fxg6 hxg6 22.Bg4 Qc6
23.Rge1 Rcd8 24.Rxe8 Rxe8 25.Bxc5 Qxc5 26.Be6+ Rxe6 27.Qxe6+ Kh7 28.Qf7 Qe3+
29.Kb1 Be7 30.Nd5 Qe2 31.Rd3 Qe1+ 32.Ka2 Bxd5+ 33.Qxd5 g5 34.Qf7 g4 35.Rd5 Qh4
36.Rh5+ Qxh5 37.Qxh5+ Kg8 38.Qe8+ Bf8 39.Qe6+ Kh8 40.Qf7 g3 41.hxg3 Kh7 42.Qxf8  1-0

[Event "38th Olympiad w"]
[Site "Dresden GER"]
[Date "2008.11.17"]
[Round "5"]
[White "Baptista,A"]
[Black "Officer,A"]
[Result "1-0"]
[WhiteElo "2168"]
[BlackElo "1813"]

1.e4 c5 2.Nf3 e6 3.d4 cxd4 4.Nxd4 Nc6 5.Nc3 Qc7 6.Be3 a6 7.Be2 Nf6 8.O-O Bb4
9.f3 O-O 10.Nxc6 dxc6 11.Bg5 Qe5 12.Qd2 Nd7 13.Kh1 f6 14.Be3 c5 15.Rad1 b6
16.Bf4 Bxc3 17.bxc3 Qh5 18.Qd6 Qf7 19.Bc4 Re8 20.Qc6 Ra7 21.Rd6 Nf8 22.Qxb6 Kh8
23.Qxc5 Qb7 24.Rb6 Qd7 25.Rc6 e5 26.Be3 Ra8 27.Rb1 Ng6 28.Rc7 Qd8 29.Bd5 Be6
30.Bxa8 Qxa8 31.Rbb7 Rg8 32.Bh6  1-0

[Event "38th Olympiad w"]
[Site "Dresden GER"]
[Date "2008.11.17"]
[Round "5"]
[White "Fierro Baquero,M"]
[Black "Peng Zhaoqin"]
[Result "1/2-1/2"]
[WhiteElo "2361"]
[BlackElo "2455"]

1.e4 c5 2.Nf3 e6 3.Nc3 Nc6 4.d4 cxd4 5.Nxd4 Nf6 6.Ndb5 Bb4 7.a3 Bxc3+ 8.Nxc3 d5
9.exd5 exd5 10.Bd3 O-O 11.O-O d4 12.Ne2 Bg4 13.Bg5 Qd6 14.Qd2 Bxe2 15.Bf4 Qd5
16.Bxe2 Rac8 17.Rad1 Rfe8 18.Rfe1 Ne4 19.Bf3 Qf5 20.Qd3 Qxf4 21.Bxe4 g6 22.Bxc6 Rxe1+
23.Rxe1 Rxc6 24.g3 Qf6 25.Re4 Kg7 26.Rf4 Qe5 27.Re4 Qf6 28.Rf4 Qe5 29.Re4 Qf6
30.Rf4  1/2-1/2

[Event "38th Olympiad"]
[Site "Dresden GER"]
[Date "2008.11.17"]
[Round "5"]
[White "Chan Yi Ren,D"]
[Black "Johansen,D"]
[Result "0-1"]
[WhiteElo "2260"]
[BlackElo "2446"]

1.e4 c5 2.Nf3 e6 3.d4 cxd4 4.Nxd4 Nc6 5.Nc3 d6 6.Bc4 a6 7.Bb3 Nf6 8.Be3 Bd7
9.Qe2 b5 10.O-O-O Na5 11.f3 Nxb3+ 12.axb3 b4 13.Nb1 Be7 14.g4 O-O 15.g5 Nh5
16.f4 g6 17.Qf3 Rc8 18.Rd2 a5 19.Ne2 a4 20.bxa4 Bxa4 21.Ng3 Qc7 22.Qe2 Qc4
23.Nxh5 gxh5 24.Qg2 Rc7 25.Rf1 Rfc8 26.Rff2 Qa2 27.Bd4 Rc4 28.Bf6 Bf8 29.Qf3 Bc6
30.Rde2 Qa8 31.Qxh5 Bxe4 32.b3 Bg6 33.Qh3 R4c5 34.Bd4 Bf5 35.Qe3 Qh1+ 36.Kb2 Qd1
37.Bxc5 Bg7+ 38.Ka2 Rxc5 39.Qxc5 dxc5 40.Rd2 Qc1 41.Rd8+ Bf8 42.h4 Bxc2 43.Nd2 Qa3+  0-1

[Event "Young Stars of the World"]
[Site "Kirishi RUS"]
[Date "2008.11.18"]
[Round "3"]
[White "Firat,B"]
[Black "Zherebukh,Y"]
[Result "0-1"]
[WhiteElo "2237"]
[BlackElo "2473"]

1.e4 c5 2.Nf3 e6 3.d4 cxd4 4.Nxd4 Nc6 5.Nc3 Qc7 6.g3 a6 7.Bg2 Be7 8.O-O d6
9.Re1 Bf6 10.Be3 Nge7 11.a4 O-O 12.Nde2 Ne5 13.h3 b6 14.g4 N7g6 15.Nd4 Bb7
16.Nce2 Nc4 17.Bc1 d5 18.exd5 Rad8 19.b3 Bxd5 20.Bxd5 Rxd5 21.bxc4 Rd7 22.c3 e5
23.Qb3 exd4 24.cxd4 Bxd4 25.Nxd4 Rxd4 26.Be3 Rxc4 27.Qxb6 Qc8 28.Rec1 Nh4
29.Rab1 h5 30.Rxc4 Qxc4 31.Rb4 Qd5 32.Qb7 Qd1+ 33.Kh2 a5 34.Rb1 Qd6+ 35.Kg1 hxg4
36.hxg4 Qe6 37.Bf4 Qxg4+ 38.Bg3 Nf5 39.Qc7 Nd4 40.Rb8 Rxb8 41.Qxb8+ Kh7 42.Kg2 Qe4+
43.Kh3 Qh1+ 44.Kg4 f5+  0-1

[Event "38th Olympiad w"]
[Site "Dresden GER"]
[Date "2008.11.19"]
[Round "6"]
[White "Daulyte,D"]
[Black "Shamima,A"]
[Result "1-0"]
[WhiteElo "2278"]
[BlackElo "2094"]

1.e4 c5 2.Nf3 e6 3.d4 cxd4 4.Nxd4 Nc6 5.Nc3 Qc7 6.Be2 Nf6 7.O-O a6 8.Be3 Bb4
9.Na4 O-O 10.Nxc6 bxc6 11.Nb6 Rb8 12.Nxc8 Rfxc8 13.Bxa6 Rf8 14.Bd3 Bd6 15.g3 Be5
16.c3 Rxb2 17.Qc1 Qb7 18.Ba6 Qb8 19.Bc5 Re8 20.Re1 d6 21.Ba7 Qxa7 22.Qxb2 Ng4
23.Rf1 Qxa6 24.h3 Nh6 25.f4 Bf6 26.Qd2 Qc4 27.Qg2 Bxc3 28.Rac1 d5 29.Kh1 d4
30.g4 Kf8 31.f5 exf5 32.g5 Ng8 33.exf5 Re2 34.Qg3 Qd5+ 35.Kg1 Qe5 36.Qxe5 Rxe5
37.Rb1 f6 38.Rb8+ Kf7 39.g6+ hxg6 40.fxg6+ Kxg6 41.Rxg8 Ra5 42.Rf2 Kf7 43.Rc8 d3
44.Rd8 d2 45.Rf3 Ra3 46.Rxd2 c5 47.Kf1 Bxd2 48.Rxa3 Ke6 49.Ke2 Bf4 50.Ra7 Bh6
51.a4 Kd5 52.Kd3 Kc6 53.Kc4 Kb6 54.Rf7 Ka5 55.h4 Kb6 56.Rf8 Be3 57.Rb8+ Ka5
58.Ra8+ Kb6 59.a5+ Kb7 60.Rg8 Bh6 61.Kb5 c4 62.a6+ Ka7 63.Re8 c3 64.Re7+ Ka8
65.Kb6  1-0

[Event "38th Olympiad"]
[Site "Dresden GER"]
[Date "2008.11.19"]
[Round "6"]
[White "Velasco,S"]
[Black "Navara,D"]
[Result "0-1"]
[WhiteElo "2287"]
[BlackElo "2633"]

1.e4 c5 2.Nf3 e6 3.d4 cxd4 4.Nxd4 Nc6 5.Nc3 Qc7 6.Be3 a6 7.Bd3 Nf6 8.O-O Ne5
9.h3 Bc5 10.Qe2 d6 11.Nb3 Bxe3 12.Qxe3 b5 13.a4 b4 14.Ne2 Bb7 15.Nd2 O-O
16.f4 Ng6 17.a5 Nd7 18.Qd4 Qc5 19.Kh2 Qxd4 20.Nxd4 e5 21.Nf5 d5 22.Nd6 Bc6
23.exd5 Bxd5 24.Bxg6 hxg6 25.N2c4 exf4 26.Rxf4 Rab8 27.b3 Rfd8 28.Rd1 Be6
29.Rfd4 Kf8 30.R1d2 Ke7 31.Kg1 Rh8 32.Ne4 Rh5 33.Ng3 Rhb5 34.Rd6 Ra8 35.Ne2 Nc5
36.Nd4 Ne4 37.Nxb5 axb5 38.Rxe6+ Kxe6 39.Re2 f5 40.Nd2 Ke5 41.Nxe4 fxe4 42.Rd2 Rxa5
43.Kf2 Ra8 44.Ke2 Rc8 45.Kd1 Rc6 46.Ke1 g5 47.Rd7 Rxc2 48.Rxg7 Kf4 49.g3+ Ke3
50.Kd1 Rd2+ 51.Kc1 Rd5 52.h4 gxh4 53.gxh4 Rh5 54.Rg3+ Kf2 55.Rh3 e3 56.Rh2+ Kg3  0-1

[Event "38th Olympiad"]
[Site "Dresden GER"]
[Date "2008.11.19"]
[Round "6"]
[White "Canda,D"]
[Black "Kim,Alex"]
[Result "0-1"]
[WhiteElo "2289"]
[BlackElo "2481"]

1.e4 c5 2.Nf3 e6 3.d4 cxd4 4.Nxd4 Nc6 5.Nc3 Qc7 6.g3 a6 7.Bg2 Nf6 8.O-O Be7
9.Re1 O-O 10.a4 d6 11.Nxc6 bxc6 12.a5 Bb7 13.Bf4 e5 14.Bg5 Rfe8 15.Qd2 Rad8
16.Be3 Nd7 17.Na4 d5 18.Bb6 Nxb6 19.axb6 Qd6 20.exd5 cxd5 21.c4 e4 22.cxd5 f5
23.Bf1 Bxd5 24.Bxa6 Qg6 25.Qc2 Kh8 26.Bc4 Rc8 27.b3 Bb7 28.Qe2 f4 29.Ba6 Bxa6
30.Qxa6 e3 31.Qe2 Rc2  0-1

[Event "38th Olympiad"]
[Site "Dresden GER"]
[Date "2008.11.19"]
[Round "6"]
[White "Tologontegin,S"]
[Black "Gulbas,C"]
[Result "1-0"]
[WhiteElo "2359"]
[BlackElo "2371"]

1.e4 c5 2.Nf3 e6 3.d4 cxd4 4.Nxd4 Nc6 5.Nc3 Qc7 6.Be2 a6 7.O-O Nf6 8.a3 Nxd4
9.Qxd4 Bd6 10.h3 b5 11.Qd3 Bb7 12.f4 Bc5+ 13.Be3 d5 14.e5 Nd7 15.Kh1 O-O
16.Bf3 Rac8 17.Rad1 Rfd8 18.Ne2 Bxe3 19.Qxe3 Qxc2 20.Rc1 Qxb2 21.Qa7 Bc6
22.Qxa6 Nb8 23.Qa7 Bd7 24.Qe3 Rc4 25.Rb1 Qc2 26.Rfc1 Qa4 27.f5 Nc6 28.f6 Rxc1+
29.Rxc1 gxf6 30.exf6 Qh4 31.Qb6 Qxf6 32.Rxc6 Bxc6 33.Qxc6 Qa1+ 34.Ng1 Qxa3
35.Qxb5 Qd6 36.Ne2 f5 37.Nd4 Rb8 38.Qd3 Rd8 39.Qe3 Kf7 40.Qg5 Qe7 41.Bh5+ Kf8
42.Nxe6+ Qxe6 43.Qxd8+ Kg7 44.Qe8  1-0

[Event "38th Olympiad w"]
[Site "Dresden GER"]
[Date "2008.11.20"]
[Round "7"]
[White "Sergeeva,M"]
[Black "Skripchenko,A"]
[Result "1/2-1/2"]
[WhiteElo "2325"]
[BlackElo "2455"]

1.e4 c5 2.Nf3 Nc6 3.d4 cxd4 4.Nxd4 e6 5.Nc3 Qc7 6.Be3 a6 7.Bd3 Nf6 8.O-O b5
9.Kh1 Bb7 10.a3 h5 11.f4 Ng4 12.Bg1 Nxd4 13.Bxd4 Bc5 14.Be2 Ne3 15.Bxe3 Bxe3
16.Qd3 Bxf4 17.Qf3 Be5 18.Qxf7+ Kd8 19.Rad1 Kc8 20.Bxb5 axb5 21.Nxb5 Qd8
22.Nd6+ Bxd6 23.Rxd6 Ra6 24.Rd4 e5 25.Rc4+ Rc6 26.Rxc6+ Bxc6 27.Qxg7 Bxe4
28.Qxe5 Bc6 29.h3 Rg8 30.Rf2 Qh4 31.Kg1 Kb7 32.Qe3 Qc4 33.Qe7 Qd5 34.Qb4+ Kc7
35.Qd2 Qc5 36.Qf4+ Kc8 37.Kh2 Qd5 38.Rf3 h4 39.c4 Qg5 40.Qxg5 Rxg5 41.Rf2 Rg3
42.Kg1 Kc7 43.b4 Rxa3 44.Rf4 Ra2 45.b5 Bxg2 46.c5 Bxh3 47.Rxh4 Bf5 48.Rf4 Be6
49.Re4 Bd5 50.Re7 Kd8 51.Rg7 Rb2 52.c6 dxc6 53.bxc6 Bxc6 54.Kf1 Bd7 55.Rf7 Kc7
56.Rf2 Rb3 57.Rf6 Bc6 58.Kf2 Kb6 59.Rf5 Rd3 60.Re5 Bd5 61.Re3 Rd4 62.Rc3 Bc4
63.Ke3 Kc5 64.Ra3 Rh4 65.Ra5+ Kd6 66.Ra8 Ke5 67.Re8+ Be6 68.Kd3 Rh3+ 69.Kd2 Kd5
70.Re7 Ra3 71.Re8 Bf5 72.Rd8+ Kc4 73.Ke2 Be4 74.Kf2 Bd5 75.Rb8 Ra2+ 76.Ke3 Ra3+
77.Kf2 Kd4 78.Rb4+ Ke5 79.Rb5 Rh3 80.Ra5 Rb3 81.Ke2 Kd4 82.Ra4+ Bc4+ 83.Kf2 Rc3
84.Ra7 Ke4 85.Ra8 Rf3+ 86.Kg2 Bf1+ 87.Kg1 Bh3 88.Ra4+ Kf5 89.Rb4 Kg5 90.Ra4 Bg4
91.Ra2 Kh4 92.Rb2 Rf4 93.Kg2 Bh3+ 94.Kg1 Rf1+ 95.Kh2 Bf5 96.Rb4+ Kg5 97.Kg2 Rc1
98.Kf2 Rc2+ 99.Ke3  1/2-1/2

[Event "38th Olympiad"]
[Site "Dresden GER"]
[Date "2008.11.20"]
[Round "7"]
[White "Tologontegin,S"]
[Black "Parfenov,P"]
[Result "1-0"]
[WhiteElo "2359"]
[BlackElo "2252"]

1.e4 c5 2.Nf3 e6 3.d4 cxd4 4.Nxd4 Nc6 5.Nc3 Qc7 6.Be3 Nf6 7.Bd3 a6 8.O-O Be7
9.Kh1 d6 10.f4 Bd7 11.Nb3 Na5 12.Qe2 Rc8 13.Rae1 Nc4 14.Bc1 h5 15.e5 dxe5
16.fxe5 Ng4 17.Bxc4 Qxc4 18.Qf3 f5 19.exf6 Nxf6 20.Qxb7 O-O 21.Rf4 Qc6 22.Qxc6 Rxc6
23.h3 Bd6 24.Rf3 e5 25.Rd1 Bc7 26.Be3 Be8 27.Bc5 Rf7 28.Rfd3 Rd7 29.Rxd7 Nxd7
30.Be3 Kf7 31.Rd2 Ke6 32.Ne4 Nf6 33.Nc3 Bd6 34.Re2 Bg6 35.Bf2 Kf5 36.Kg1 Bf7
37.Bg3 Rc4 38.Nd2 Rb4 39.b3 Bc5+ 40.Kf1 Nd7 41.Nce4 Be7 42.c3 Rb6 43.Rf2+ Ke6
44.Nf3 Bg6 45.Re2 Bf6 46.Bf2 Rb8 47.Ke1 Rc8 48.c4 Be7 49.Nfg5+ Kf5 50.Be3 Be8
51.Rf2+ Kg6 52.Nf3 Bf7 53.Kd1 Be6 54.Rd2 Bf5 55.Nd6 Rc7 56.Nxf5 Kxf5 57.Rd5 Ke6
58.Ke2 Bf6 59.Nd2 Nb8 60.Ne4 Be7 61.Nc5+ Bxc5 62.Bxc5 Rc6 63.Be3 Nd7 64.a4 Nf6
65.Rc5 Rd6 66.Rc7 Ne4 67.Rxg7 Nc3+ 68.Kf2 Nd1+ 69.Ke2 Nc3+ 70.Ke1 Rd1+ 71.Kf2 Kf6
72.Rb7 Kf5 73.c5 Rd3 74.c6 Ke4 75.Rb4+ Kd5 76.c7 Nd1+ 77.Ke2 Rxe3+ 78.Kxd1 Rc3
79.Rc4  1-0

[Event "38th Olympiad"]
[Site "Dresden GER"]
[Date "2008.11.20"]
[Round "7"]
[White "Ibarra Chami,L"]
[Black "Laznicka,V"]
[Result "0-1"]
[WhiteElo "2389"]
[BlackElo "2591"]

1.e4 c5 2.Nf3 e6 3.d4 cxd4 4.Nxd4 Nc6 5.Nc3 Qc7 6.Be2 a6 7.O-O Nf6 8.Kh1 Be7
9.f4 d6 10.Nxc6 bxc6 11.b3 O-O 12.Bd3 e5 13.Qf3 exf4 14.Bxf4 Ng4 15.h3 Ne5
16.Bxe5 dxe5 17.Bc4 Kh8 18.Bxf7 g6 19.Qg3 Bd7 20.Rf3 Rad8 21.Raf1 Bc8 22.Nd1 a5
23.Ne3 Ba6 24.Bc4 Bc8 25.Rf7 Rxf7 26.Rxf7 Rf8 27.Rxf8+ Bxf8 28.Nd1 Bc5 29.Nb2 Qd6
30.Nd3 Bd4 31.Ne1 Qf6 32.Nf3 Bb2 33.Qf2 Qf4 34.Qd2 Kg7 35.Qxf4 exf4 36.Kg1 Kf6
37.Kf2 g5 38.Ne1 Bd4+ 39.Ke2 Bd7 40.a4 h5 41.Nf3 Ba1 42.Kd3 g4 43.hxg4 hxg4
44.Nd2 f3 45.g3 Be5 46.Nf1 Kg5 47.Ke3 Bc7 48.Kd4 Kf6 49.Kc5 Ke5 50.Bd3 Bd6+
51.Kb6 Bb4 52.Kc7 Be6 53.Kxc6 Kd4 54.Ba6 f2 55.Be2 Kxe4 56.c4 Kd4 57.Kb6 Bf5
58.Nh2 Bd6 59.c5 Bxg3 60.Nf1 Bf4 61.c6 g3 62.Nxg3 Bxg3 63.Bf1 Bd3 64.Bg2 f1=Q
65.Bxf1 Bxf1  0-1

[Event "38th Olympiad"]
[Site "Dresden GER"]
[Date "2008.11.20"]
[Round "7"]
[White "Barrientos,S"]
[Black "Kristjansson,St"]
[Result "0-1"]
[WhiteElo "2450"]
[BlackElo "2474"]

1.e4 c5 2.Nf3 e6 3.d4 cxd4 4.Nxd4 Nc6 5.Nc3 Qc7 6.f4 a6 7.Nxc6 Qxc6 8.Bd3 b5
9.Qe2 Be7 10.a3 Bb7 11.Bd2 Nf6 12.O-O O-O 13.e5 Nd5 14.Ne4 f5 15.exf6 Nxf6
16.Ng5 Qc7 17.Rae1 Bc5+ 18.Kh1 Bd6 19.Qe3 Rae8 20.Qh3 h6 21.c3 Re7 22.Nf3 Nd5
23.Ne5 Bxe5 24.fxe5 Ref7 25.Rxf7 Rxf7 26.Qg3 Qc5 27.Rf1 Rxf1+ 28.Bxf1 Ne7
29.Bd3 Qd5 30.h4 Nf5 31.Bxf5 Qxd2 32.Bg6 Qxb2 33.Kh2 Qxa3 34.Qf2 Qe7 35.Kg3 Qd8
36.Qf7+ Kh8 37.Bd3 Bc6 38.Qg6 Qg8 39.Kh2 a5 40.g4 a4 41.g5 a3 42.gxh6 d6
43.Qg5 Qf7 44.Qd8+ Be8 45.hxg7+ Kxg7 46.Qg5+ Kf8 47.exd6 a2 48.Qh6+ Qg7 49.Qf4+ Kg8
50.d7 Bxd7 51.Qb8+ Kf7 52.Qd6 Ke8 53.Qb8+ Ke7 54.Qa7 Qe5+  0-1

[Event "Young Stars of the World"]
[Site "Kirishi RUS"]
[Date "2008.11.20"]
[Round "5"]
[White "Fedoseev,Vl3"]
[Black "Zherebukh,Y"]
[Result "0-1"]
[WhiteElo "2312"]
[BlackElo "2473"]

1.e4 c5 2.Ne2 Nc6 3.Nbc3 e6 4.d4 cxd4 5.Nxd4 Qc7 6.Be3 a6 7.Qd2 Nf6 8.f3 Be7
9.O-O-O O-O 10.g4 b5 11.g5 Ne8 12.Rg1 Bb7 13.Nf5 exf5 14.Nd5 Qd6 15.Bf4 Ne5
16.Qc3 Bxd5 17.Bxe5 Qc5 18.Bh3 fxe4 19.Qe1 Rc8 20.c3 Be6 21.Bxe6 Qxe5 22.Bxd7 Rc4
23.h4 b4 24.Qe2 Qc5 25.g6 hxg6 26.h5 bxc3 27.hxg6 Bg5+  0-1

[Event "38th Olympiad"]
[Site "Dresden GER"]
[Date "2008.11.21"]
[Round "8"]
[White "Shirov,A"]
[Black "Rahman,Zia"]
[Result "1-0"]
[WhiteElo "2726"]
[BlackElo "2510"]

1.e4 c5 2.Nf3 e6 3.d4 cxd4 4.Nxd4 Nc6 5.Nc3 Qc7 6.Be3 Nf6 7.f4 Bb4 8.Nb5 Qa5
9.e5 Ne4 10.Bd3 f5 11.O-O Nxc3 12.bxc3 Be7 13.Qh5+ g6 14.Qh6 Bf8 15.Nd6+ Bxd6
16.exd6 Qxc3 17.Rfe1 b6 18.Bb5 Bb7 19.Qg5 O-O 20.Rad1 Rf7 21.h4 a6 22.Bxc6 Qxc6
23.Bd4 Qxd6 24.h5 Qe7 25.hxg6 hxg6 26.Qxg6+ Kf8 27.Be5 Qc5+ 28.Kh2 Bd5 29.c4 d6
30.Rxd5  1-0

[Event "Young Stars of the World"]
[Site "Kirishi RUS"]
[Date "2008.11.21"]
[Round "6"]
[White "Kovalev,Vl"]
[Black "Firat,B"]
[Result "1/2-1/2"]
[WhiteElo "2318"]
[BlackElo "2237"]

1.e4 c5 2.Nf3 Nc6 3.Nc3 e6 4.d4 cxd4 5.Nxd4 Nf6 6.Nxc6 bxc6 7.e5 Nd5 8.Ne4 Qc7
9.f4 Qb6 10.c4 Ne3 11.Qd3 Bb4+ 12.Bd2 O-O 13.b3 f5 14.Nc3 Ng4 15.Nd1 Bc5
16.h3 Nf2 17.Nxf2 Bxf2+ 18.Ke2 a5 19.a4 Bd4 20.Be3 c5 21.Bxd4 cxd4 22.Kf2 Bb7
23.Rd1 Bc6 24.Be2 Rab8 25.Bf3 Bxf3 26.Qxf3 d3+ 27.Kg3 Qxb3 28.Qxd3 Qxa4 29.Qxd7 Qxc4
30.Rd4 Qa2 31.Rd2 Qc4 32.Rd4 Qc8 33.Rhd1 Qxd7 34.Rxd7 a4 35.Ra1 Ra8 36.Rd4 a3
37.Rd2 Ra5 38.Rd3 Rfa8 39.Kf3 Kf7 40.g3 Ke7 41.Kf2 R8a7 42.Kf3 h6 43.Kf2 g5
44.Kf3 Ra4 45.h4 Kf7 46.hxg5 hxg5 47.fxg5 Kg6 48.Rd8 Rb7 49.Rd3 Rb5 50.Rdxa3 Rxa3+
51.Rxa3 Kxg5 52.Re3 Ra5 53.Re2 Ra3+ 54.Re3 Ra2 55.Re1 Ra3+ 56.Re3 Ra1 57.Rb3 Ra5
58.Re3  1/2-1/2

[Event "9th Open"]
[Site "Liberec CZE"]
[Date "2008.11.21"]
[Round "8"]
[White "Navratil,Ji3"]
[Black "Boskova,H"]
[Result "1-0"]
[WhiteElo "1844"]
[BlackElo "1961"]

1.e4 c5 2.Nf3 Nc6 3.d4 cxd4 4.Nxd4 e6 5.Nc3 a6 6.Bc4 d6 7.Be3 Nf6 8.f3 Be7
9.Qd2 Bd7 10.g4 h6 11.O-O-O O-O 12.h4 b5 13.Bb3 Nh7 14.Nxc6 Bxc6 15.g5 b4
16.Ne2 a5 17.Nd4 Bd7 18.Rhg1 e5 19.Nf5 Be6 20.g6 Bxf5 21.exf5 Nf6 22.gxf7+ Kh8
23.Bxh6  1-0

[Event "TCh-AUT 2nd Bundesliga Ost 2008-9"]
[Site "Austria AUT"]
[Date "2008.11.22"]
[Round "4"]
[White "Varga,Zo"]
[Black "Zilka,S"]
[Result "1/2-1/2"]
[WhiteElo "2494"]
[BlackElo "2471"]

1.e4 c5 2.Nf3 e6 3.d4 cxd4 4.Nxd4 Nc6 5.Nc3 Qc7 6.g3 d6 7.Bg2 Nxd4 8.Qxd4 Bd7
9.O-O Nf6 10.Bg5 Be7 11.Rad1 Bc6 12.Rfe1 h6 13.Bc1 O-O 14.b3 Rfd8 15.Bb2 b5
16.Qe3 Rac8 17.h3 a5 18.a3  1/2-1/2

[Event "38th Olympiad"]
[Site "Dresden GER"]
[Date "2008.11.22"]
[Round "9"]
[White "Prasca Sosa,R"]
[Black "Steel,H"]
[Result "1-0"]
[WhiteElo "2410"]
[BlackElo "2280"]

1.e4 c5 2.Nf3 e6 3.d4 cxd4 4.Nxd4 Nc6 5.Nc3 a6 6.Nxc6 bxc6 7.Bd3 d5 8.O-O Nf6
9.Qe2 Be7 10.b3 O-O 11.Bb2 Qc7 12.Na4 Bb7 13.e5 Nd7 14.c4 dxc4 15.Bxc4 Nb6
16.Nxb6 Qxb6 17.Rac1 Rfd8 18.Rc3 g6 19.Rh3 c5 20.Bc3 a5 21.f4 Ba6 22.f5 Bxc4
23.Qxc4 Ra7 24.fxg6 fxg6 25.Rhf3 Rf8 26.h4 Qc6 27.Qg4 Raa8 28.h5 g5 29.Rxf8+ Rxf8
30.Rxf8+ Kxf8 31.Bxa5 Qa6 32.Bc7 Kg7 33.Bd6 Bxd6 34.Qxg5+ Kh8 35.Qf6+ Kg8
36.Qxe6+ Kg7 37.h6+  1-0